[Event "Dortmund op-A"]
[Site "Dortmund"]
[Date "2001.??.??"]
[Round "11"]
[White "Sarbok, Torsten"]
[Black "Krause, Thomas"]
[Result "1-0"]
[WhiteElo "2324"]
[BlackElo "2184"]
[PlyCount "61"]
[EventDate "2001.07.12"]
[EventType "swiss"]
[EventRounds "11"]
[EventCountry "GER"]
[SourceTitle "EXT 2002"]
[Source "ChessBase"]
[SourceDate "2001.11.25"]
[SourceVersion "1"]
[SourceVersionDate "2001.11.25"]
[SourceQuality "1"]

1. e4 c5 2. Nf3 Nc6 3. Bb5 g6 4. 0-0 Bg7 5. c3 Nf6 6. Qe2 0-0 7. d4 d5 8. exd5 Qxd5 9. dxc5 Bg4 10. Be3 Bxf3 11. Qxf3 Qxf3 12. gxf3 Rfd8 13. Nd2 Ne5 14. Rfd1 Nd5 15. Be2 Nxe3 16. fxe3 Nd3 17. Bxd3 Rxd3 18. Kf2 Rad8 19. Ke2 Be5 20. h3 f5 21. Nc4 Rxd1 22. Rxd1 Rxd1 23. Kxd1 Bc7 24. b4 Kf7 25. Ke2 Ke6 26. e4 fxe4 27. fxe4 g5 28. b5 Be5 29. Nxe5 Kxe5 30. h4 g4 31. h5 1-0